New Taipei City Map Quiz - Statistics

General Stats
  • This quiz has been taken 139 times
  • The average score is 20 of 29
Answers on the Map
Answers color-coded by a green-red scale on the quiz's map according to % correct below.
 
Answer Stats
Answer % Correct
Bali 八里區
94%
Linkou 林口區
91%
Banqiao 板橋區
88%
Sanchong 三重區
82%
Taishan 泰山區
82%
Wugu 五股區
79%
Zhonghe 中和區
79%
Tamsui 淡水區
76%
Xindian 新店區
76%
Yingge 鶯歌區
76%
Yonghe 永和區
76%
Gongliao 貢寮區
73%
Shulin 樹林區
73%
Tucheng 土城區
73%
Wulai 烏來區
73%
Luzhou 蘆洲區
70%
Ruifang 瑞芳區
70%
Xinzhuang 新莊區
70%
Shimen 石門區
67%
Pingxi 平溪區
64%
Sanxia 三峽區
64%
Shenkeng 深坑區
61%
Shuangxi 雙溪區
58%
Xizhi 汐止區
58%
Jinshan 金山區
55%
Pinglin 坪林區
55%
Sanzhi 三芝區
55%
Shiding 石碇區
52%
Wanli 萬里區
48%
No matching quizzes found
Score Distribution
Percent of People with Each Score
Percentile by Number Answered
Your Score History
You have not taken this quiz